| 000 | 01117nam a2200337 a 4500 | ||
|---|---|---|---|
| 001 | |||
| 003 | DO-SdBNP | ||
| 005 | 20220310082647.0 | ||
| 008 | 100902s1998 dr 001 e spa d | ||
| 020 | _a9768175036 | ||
| 040 |
_aDO-SdBNP _bspa _cBPMSU |
||
| 049 | _a | ||
| 082 |
_a 070.44 _bH552u 1998 _222 |
||
| 100 | 1 |
_aHermann, Hamlet, _d1934- |
|
| 245 | 1 | 0 |
_aUn ala del pájaro / _cHamlet Hermann ; prólogo Juan Ducoudray. |
| 260 |
_aSanto Domingo : _bAlfa y Omega, _c1998. |
||
| 300 |
_a325 p. ; _c22 cm. |
||
| 500 | _aIncluye índice onomástico. | ||
| 500 | _aIncluye datos biográficos del autor en la solapa de la cubierta. | ||
| 590 | _6Inventariado, 2022 | ||
| 650 | 4 | _aEnsayos periodísticos | |
| 650 | 4 |
_aDiarios dominicanos _xSecciones, columnas, etc. |
|
| 651 | 4 |
_aCuba _xHistoria _y1959- _xEnsayos, conferencias, etc. |
|
| 700 | 1 |
_aDucoudray, Juan, _eprólogo |
|
| 730 | 0 | _aEl Siglo (República Dominicana) | |
| 730 | 0 | _aLa Noticia (República Dominicana) | |
| 730 | 0 | _aEl Sol (República Dominicana) | |
| 730 | 0 | _aHoy (República Dominicana) | |
| 910 | _aVMateo V | ||
| 942 |
_2ddc _cBK |
||
| 999 |
_c14056 _d14056 |
||